Lorenzaccio Scénografia: J. Mojžiš

Bibliographic Details
Main Author: Mojžiš, Juraj, 1938- (Author)
Format: Article
Language:Slovak
PhysicalDescription:Fotogr. 2, obr. 1, res. angl.
Subjects:

MARC

LEADER 00000nab a2200000 a 4500
001 vtls000501366
003 SK-MaSNL
005 20260303213615.0
008 140301c1993 xo 0 slo
015 |a SNBRB19rr/mm-uuuuu 
035 |a CL0501504 
040 |a SNKBUCL  |b slo  |c SNKBUCL  |e AACR2 
041 0 |a slo 
044 |a xo  |c SK 
080 |a 7.097.021  |2 1981 
100 1 |a Mojžiš, Juraj,  |d 1938-  |4 aut  |9 103302 
245 1 0 |a Lorenzaccio  |b Scénografia: J. Mojžiš  |c Juraj Mojžiš 
300 |b Fotogr. 2, obr. 1, res. angl. 
600 1 7 |a Musset, Alfred de,  |d 1810-1857  |t Lorenzaccio  |2 snkbucl  |9 632350 
650 0 7 |a televízna scénografia  |2 snkbucl  |9 55515 
655 7 |a články z novín a časopisov  |2 snkbucl  |9 267496 
773 0 |t Projekt  |g Roč. 35, č. 5 (1993), s. 13 
850 |a Slovenská národná knižnica v Martine  |a MTA001 
852 |a SNK  |b KIS3GCP 
958 |a RK 
992 |a RBX 
999 |c 2212913  |d 2214843